History Quiz

Random History or Year Quiz

Historical Events of 1994 II Quiz Stats

 Plays Quiz Updated May 11, 2018

Score 0/18 Timer 06:00
1 Play Today
Description Event % Correct
This show on NBC introduced America to six new pals.Friends
84.6%
This film featuring Tom Hanks was the highest grossing film of 1994.Forrest Gump
81.6%
South Africa held its first fully multiracial elections, marking the end of this period.Apartheid
79.6%
This figure skater was clubbed on the right leg by an assailant.Nancy Kerrigan
75%
This Korean city celebrated the 600th anniversary of its foundingSeoul
72.9%
This American punk-rock band unleashed their third studio album 'Dookie', which peaked at No. 2 on Billboard Charts.Green Day
70.4%
The space probe Magellan burned up in the atmosphere of this inner planet.Venus
67%
Irish government announced the end of a 20-year broadcasting ban on this organization.IRA
65.4%
A jury in Anchorage, Alaska, blamed recklessness for the disastrous oil spill from this tanker.Exxon Valdez
63.1%
Description Event % Correct
This woman was found not guilty of mutilating her husband by reason of insanity.Lorena Bobbitt
57%
Four men were convicted of bombing this US landmark.World Trade Center
56.4%
This sketch comedy show featuring Jim Carrey, Jamie Foxx, and David Alan Grier ended its run after five seasons.In Living Color
55.3%
This man was named speaker of US House of Representatives.Newt Gingrich
47.3%
This serial killer was executed by lethal injection in Illinois.John Wayne Gacy
35.5%
Nintendo released this game, featuring distinctive 3D pre-rendered graphics.Donkey Kong Country
10.7%
National League for Democracy was formed by this activist and various others to help fight against dictatorship in Myanmar.Aung San Suu Kyi
8%
Bill Clinton signed this gun control act into law.Assault Weapons Ban
7.6%
This man was charged with spying for the Soviet Union.Aldrich Ames
6.9%

You're not logged in!

Compare scores with friends on all Sporcle quizzes.
OR
Log In

Sporcle TV

Today on Sporcle TV


Watch our educational content, quiz creation guides, and fun videos on Sporcle TV.

Show Comments

Extras

Top Quizzes Today


Score Distribution

Your Account Isn't Verified!

In order to create a playlist on Sporcle, you need to verify the email address you used during registration. Go to your Sporcle Settings to finish the process.

Report this User

Report this user for behavior that violates our Community Guidelines.

Details: